00436nam a2200193Ia 4500003000900000008004100009040001300050040001300063041000800076100001800084245005400102250001000156260002100166260000900187300001100196300001100207490001700218490000700235IT-RoPAU120407s9999 xx 000 0 und d aIT-RoPAU cIT-RoPAU aita aM. I. De Ruvo aLa figlia del Doge. Virginia Centurione Bracelli  aBari  aEdizioni Paoline c1963 a143 p. c17 cm a Gens sancta v84